Barbie: Fairytopia - Characters by Picture - Statistics

General Stats
  • This quiz has been taken 43 times
  • The average score is 8 of 16
Answer Stats
Picture Answer % Correct
Bibble
97%
Elina
86%
Dandelion
77%
Laverna
77%
Azura
74%
Prince Nalu
74%
Fungus
63%
Peony
49%
Ruby
40%
Topaz
40%
Enchantress
37%
Hue
34%
Dahlia
29%
Larkspur
26%
Happy Trolls
23%
Quill
14%
No matching quizzes found
Score Distribution
Percent of People with Each Score
Percentile by Number Answered
Your Score History
You have not taken this quiz